Running a perfect Netscape site

A complete reference to creating an Internet site includes planning, creating an E-Mail server, creating a News server, creating an FTP Server, creating a Gopher server, creating a WWW server, integration, and site maintenance and upgrades.

Gorde:
Xehetasun bibliografikoak
Formatua: Liburua
Hizkuntza:Undetermined
Argitaratua: Indianapolis, Ind. Que 1996
Gaiak:
Etiketak: Etiketa erantsi
Etiketarik gabe, Izan zaitez lehena erregistro honi etiketa jartzen!
Thư viện lưu trữ: Trung tâm Học liệu Trường Đại học Cần Thơ
LEADER 00727nam a2200181Ia 4500
001 CTU_232497
008 210402s9999 xx 000 0 und d
082 |a 005.75 
082 |b R943 
245 0 |a Running a perfect Netscape site 
245 0 |c Bill Kirkner ... [et al.] 
260 |a Indianapolis, Ind. 
260 |b Que 
260 |c 1996 
520 |a A complete reference to creating an Internet site includes planning, creating an E-Mail server, creating a News server, creating an FTP Server, creating a Gopher server, creating a WWW server, integration, and site maintenance and upgrades. 
650 |a Trình duyệt Netscape,Netscape 
910 |b dqhieu 
980 |a Trung tâm Học liệu Trường Đại học Cần Thơ